| 000 | 00817cam a22002653a 4500 | ||
|---|---|---|---|
| 001 | 2040 | ||
| 003 | PGUSA | ||
| 005 | 20140828083010.0 | ||
| 008 | 000101s2000||||xxu|||||s|||||000 | eng d | ||
| 040 |
_aPGUSA _beng |
||
| 042 | _adc | ||
| 050 | 4 | _aPR | |
| 100 | 1 |
_aDe Quincey, Thomas, _d1785-1859 |
|
| 245 | 1 | 0 |
_aConfessions of an English Opium-Eater _h[electronic resource] / _cThomas De Quincey |
| 260 |
_bProject Gutenberg, _c2000 |
||
| 506 | _aPublic domain in the USA. | ||
| 516 | _aElectronic text | ||
| 653 | _aDrug addicts -- Great Britain -- Biography | ||
| 653 | _aDe Quincey, Thomas, 1785-1859 | ||
| 653 | _aOpium abuse -- England | ||
| 653 | _aAuthors, English -- 19th century -- Biography | ||
| 830 | 0 |
_aProject Gutenberg _v2040 |
|
| 856 | 4 | 0 | _uhttp://www.gutenberg.org/ebooks/2040 |
| 942 | _cEB | ||
| 999 |
_c231379 _d231379 |
||